000 00726cam a22002533a 4500
001 487
003 PGUSA
005 20140828082949.0
008 960401s1996||||xxu|||||s|||||000 p eng d
040 _aPGUSA
_beng
042 _adc
050 4 _aPR
100 1 _aStevenson, Robert Louis,
_d1850-1894
245 1 0 _aSongs of Travel, and Other Verses
_h[electronic resource] /
_cRobert Louis Stevenson
260 _bProject Gutenberg,
_c1996
506 _aPublic domain in the USA.
516 _aElectronic text
653 _aPoetry
653 _aVoyages and travels -- Poetry
700 1 _aColvin, Sidney,
_d1845-1927
830 0 _aProject Gutenberg
_v487
856 4 0 _uhttp://www.gutenberg.org/ebooks/487
942 _cEB
999 _c229838
_d229838